=LDR 00000nam 2200000 4500 =001 INLIS000000000026892 =005 20130612125317 =008 ***********************************Ind** =035 ##$$0010-061300000026892 =041 ##$$a Ind =082 ##$$a 020.6 =090 ##$$a 020.6, Sut m =100 ##$$a Sutarno, NS =245 ##$$a Menajemen perpustakaan suatu pendekatan praktik, Sutarno NS =260 ##$$a 2006 $b Jakarta =300 ##$$a xxiv, 316 hlm =650 ##$$a Perpustakaan-Adminsitrasi umum =850 ##$$a NBPNMAT